000 00571nas a22001697a 4500
999 _c35175
_d35175
003 OSt
005 20250129222927.0
008 240604b ||||| |||| 00| 0 eng d
040 _aBMC
_cBMC
082 _a331.12
245 0 0 _aPlan estratégico del sistema de información del mercado laboral (SIMEL) de El Salvador
260 _aSan Salvador, El Salvador
_bMinisterio de Trabajo y Previsión Social
_c2021?
300 _a28 p.
_c28 cm
650 2 4 _95793
_aMercado de trabajo
710 _940384
_aEl Salvador
_bMinisterio de Trabajo y Previsión Social
942 _2ddc
_cPR